00309 2200133 4500001002100000005001500021035002000036245003300056100001700089260003600106082000800142084001400150990001100164INLIS00000000000250920250604113316 a0010-06250000951 aSalah Asuhan /cAbdoel Moeis0 aAbdoel Moeis aJakarta :bBalai Pustaka,c1997 a800 a800 ABD s a995447